Générique de South Park - Statistiques

Statistiques générales
  • Ce quiz a été pris 144 fois
  • Le résultat moyen est 67 sur 77
Statistiques - réponses
Paroles % Correct
a
100%
à
100%
l'
100%
Park
100%
Park
100%
Park
100%
Park
100%
South
100%
South
100%
South
100%
South
100%
de
99%
de
99%
de
99%
de
99%
de
99%
la
99%
la
99%
la
99%
la
99%
j'
97%
route
97%
route
97%
route
97%
il
96%
Prend
96%
prend
96%
histoire
95%
histoire
95%
Je
95%
Je
95%
je
95%
des
94%
des
94%
un
94%
air
93%
peu
93%
bien
92%
gens
92%
le
91%
comme
90%
prendre
90%
faut
89%
Vous
89%
vous
89%
me
88%
Tout
86%
gentils
85%
Bonne
83%
journée
83%
pour
83%
pour
83%
monde
82%
amicaux
81%
mes
81%
mes
81%
Y'
80%
Dit
79%
et
79%
et
79%
potes
79%
Que
78%
se
78%
garer
77%
les
77%
place
77%
visages
76%
galères
74%
oublie
72%
calmer
71%
nerfs
71%
toutes
71%
présenterais
60%
moi
53%
Suivez
46%
Alors
44%
Saille
2%
Aucun quiz correspondant
Distribution des résultats
% des personnes avec chaque résultat
Percentile par nombre de réponses
Votre historique - résultats
Vous n’avez pas pris ce quiz